1275 1518 1570 1544 1324 1733 1707 1859 1212 1843 1224 1426 1205 1322 1023 1538 1790 1459 1225 1744 1905 1728 1718 1399 1553 1235 1024 1890 1568 1197 1015 1891 1792 1164 1352 1566 1386 1870 1880 1034 1511 1210 1932 1766 1313 1090 1699 1133 1329 1508 1206 1940 1367 1697 1078 1680 1000 1124 1991 1430 1854 1632 1501 1042 1062 1512 1624 1862 1261 1237 1290 1929 1807 1222 1943 1100 1173 1348 1497 1504 1942 1829 1469 1556 1249 1070 1711 1830 1051 1315 1705 1790 1148 1552 1529 1204 1073 1036 1723 BCNSPRNW ULIB Ver.6.0+V

เปลี่ยนเป็นภาษาไทย

Change to English
 แสดงรายละเอียดบรรณานุกรม
  กลับหน้าหลัก

Brief Record : Get Marc (ISO 2709) : E-mail record : QR code < ปิดหน้าต่าง
LEADER : 00000nas 2200000uu 4500
001    13399124476
003     ULIB
008    020711s|||| th a 000 0 tha d
022    01258885
110    มหาวิทยาลัยมหิดล
245    วารสารพยาบาลศาสตร์:^bJournal of Nursing Science./^cมหาวิทยาลัยมหิดล
260    กรุงเทพฯ :^bมหาวิทยาลัยมหิดล,^cม.ป.ป.
310    ^aรายสามเดือน
850 ^a ULIB^bปีที่ 33 ฉบับที่ 1 ฉ.1 ;ปีที่ 33 ฉบับที่ 4 ฉ.1 ;ปีที่ 34 ฉบับที่ 1 ฉ.1 ;ปีที่ 35 ฉบับที่ 2 ฉ.1
850 ^a ULIB:campus^bปีที่ 34 ฉบับที่ 2 ฉ.1
945    ^p0^l0^i903180
945    ^p0^l0^i903736
945    ^p0^l0^i903737
945    ^p0^l0^i801713
945    ^p0^l0^i904593
รายการนี้ยังไม่มีแท็ก
คุณยังไม่ได้ล็อกอิน คุณสามารถมีกิจกรรมร่วมกับเว็บไซต์ได้ แต่ต้องล็อกอินก่อน ::
  ล็อกอิน

รายการสื่อสารสนเทศ (วารสาร)

ดูแบบ: กล่อง รายการ
ARRIVED
ปีที่ 33 ฉบับที่ 1 ฉ.1
สถานที่: ห้องสมุดวิทยาเขตสวรรค์ประชารักษ์ >หนังสือพิมพ์
ARRIVED
ปีที่ 33 ฉบับที่ 4 ฉ.1
สถานที่: ห้องสมุดวิทยาเขตสวรรค์ประชารักษ์ >หนังสือพิมพ์
ARRIVED
ปีที่ 34 ฉบับที่ 1 ฉ.1
สถานที่: ห้องสมุดวิทยาเขตสวรรค์ประชารักษ์ >หนังสือพิมพ์
ARRIVED
ปีที่ 34 ฉบับที่ 2 ฉ.1
สถานที่: ห้องสมุดวิทยาเขตนครสวรรค์ >วารสาร
ARRIVED
ปีที่ 35 ฉบับที่ 2 ฉ.1
สถานที่: ห้องสมุดวิทยาเขตสวรรค์ประชารักษ์ >วารสาร

BibComment


ยังไม่เคยถูกคอมเมนท์

คอมเมนท์ทรัพยากรรายการนี้
  คอมเมนท์: วารสารพยาบาลศาสตร..


 Copyright 2026. Bcnsprnw @Library